LEADER 01406nam0 22002771i 450 001 UON00216717 005 20231205103357.55 100 $a20030730f1980 |0itac50 ba 101 $ager 102 $aDE 105 $a||||m ||||| 200 1 $aAspekte der verbalen Kommunikation in der präverbalen Phase -Zeit- und Grundfrequenzuntersuchungen in vier Fallstudien$fvorgelegt von Martin Diestelmann 210 $aMünchen$cLudwig-Maximilians-Universität$d1980[?] 215 $aXII, 258 p.$d21 cm. Sul front.: Inauguraldissertation zur Erlangung des Doktorgrades der Philosophischen Fakultät der Ludwig-Maximilians-Universität in München. 606 $aLinguistica Cognitiva$3UONC034130$2FI 606 $aPsicolinguistica$3UONC004629$2FI 620 $aDE$dMünchen$3UONL003025 676 $a401.4$cLinguaggio e comunicazione$v21 700 1$aDIESTELMANN$bMartin$3UONV131231$0684247 712 $aLudwig-Maximilians-Universitat$3UONV249233$4650 801 $aIT$bSOL$c20250523$gRICA 899 $aSIBA - SISTEMA BIBLIOTECARIO DI ATENEO$2UONSI 912 $aUON00216717 950 $aSIBA - SISTEMA BIBLIOTECARIO DI ATENEO$dSI TED 14 a DIE 01 $eSI LO 64435 5 01 996 $aAspekte der verbalen Kommunikation in der präverbalen Phase -Zeit- und Grundfrequenzuntersuchungen in vier Fallstudien$91264494 997 $aUNIOR